000
00253nam a2200097Ia 4500
001
653732
005
20250826154504.0
008
250824s9999 xx 000 0 und d
245
0
_a
GÜCÜNÜ YİTİREN KRAL
_c
PAKİZE ÖZCAN
260
_b
GÜNIŞIĞI YAYINLARI
999
_c
653732
_d
653732